<?xml version="1.0" encoding="UTF-8"?>
<marc:record xmlns:marc="http://www.loc.gov/MARC21/slim">
   <marc:leader>00000nam a2200000 a 4500</marc:leader>
   <marc:datafield ind1=" " ind2=" " tag="653">
      <marc:subfield code="a">CD-Hörbuch</marc:subfield>
   </marc:datafield>
   <marc:datafield ind1=" " ind2=" " tag="653">
      <marc:subfield code="a">Weihnachten</marc:subfield>
   </marc:datafield>
   <marc:datafield ind1=" " ind2=" " tag="653">
      <marc:subfield code="a">Lied</marc:subfield>
   </marc:datafield>
   <marc:datafield ind1="0" ind2="0" tag="245">
      <marc:subfield code="a">Das große Kinder-Weihnachts-Album [Tonträger]</marc:subfield>
   </marc:datafield>
   <marc:datafield ind1="0" ind2="0" tag="245">
      <marc:subfield code="b">vollgepackt mit Liedern und Geschichten. Plus: ein Mandala Hörspiel</marc:subfield>
   </marc:datafield>
   <marc:datafield ind1=" " ind2="1" tag="264">
      <marc:subfield code="a">München</marc:subfield>
      <marc:subfield code="b">TopSound</marc:subfield>
      <marc:subfield code="c">2007</marc:subfield>
   </marc:datafield>
   <marc:datafield ind1="1" ind2=" " tag="520">
      <marc:subfield code="a">CD 1:&#xD;
zwei weihnachtliche Hörspiele: * MANDALA, das weiße Känguru "Beim Schneekönig" sowie "Die Schneekönigi" nach Hans Christian Andersen ; &#xD;
&#xD;
CD 2:&#xD;
Weihnachtliche Kurzgeschichten aus Europa - lebendig, schön und kindgerecht erzählt von Jürgen Werth ; &#xD;
&#xD;
CD 3: &#xD;
Winterzeit - Kinderzeit - stimmungsvolle Lieder zur Weihnachtszeit gesungen von Iris &amp; den Rainbowkids</marc:subfield>
   </marc:datafield>
   <marc:datafield ind1=" " ind2=" " tag="041">
      <marc:subfield code="a">ger</marc:subfield>
   </marc:datafield>
   <marc:datafield ind1=" " ind2=" " tag="338">
      <marc:subfield code="a">Audiodisk</marc:subfield>
   </marc:datafield>
   <marc:datafield ind1=" " ind2=" " tag="300">
      <marc:subfield code="a">3</marc:subfield>
   </marc:datafield>
</marc:record>
